000 01459cam a2200361 a 4500
001 EDZ0000018958
003 StDuBDS
005 20161031105100.0
006 m||||||||d||||||||
007 cr |||||||||||
008 110107s2003 cauac fo 001|0|eng|d
020 _a9781412956369 (ebook) :
_cNo price
040 _aStDuBDS
_beng
_cStDuBDS
_epn
049 _aAlfaisal Main Library
050 4 _aHQ1090.3
082 0 4 _a305.3103
_222
245 0 0 _aAmerican masculinities
_h[electronic resource] :
_ba historical encyclopedia /
_cBret E. Carroll, editor.
260 _aThousand Oaks, Calif. ;
_aLondon :
_bSAGE,
_cc2003.
300 _a1 online resource (562 p.) :
_bill., ports.
500 _a"A SAGE reference publication."
520 8 _a'American Masculinities' explores the wide range of identities and experiences that have defined men and masculinity in the United States from pre-Columbian times to the present.
521 _aSpecialized.
588 _aDescription based on print version record.
504 _aIncludes bibliographical references and index.
650 0 _aMen
_zUnited States
_vEncyclopedias.
650 0 _aMasculinity
_zUnited States
_vEncyclopedias.
655 7 _aElectronic books.
_2local
700 1 _aCarroll, Bret E.,
_d1961-
710 2 _aSage eBooks
776 0 8 _iPrint version :
_z9780761925408
856 4 0 _uhttp://ezproxy.alfaisal.edu/login?url=http://sk.sagepub.com/reference/masculinities
942 _2lcc
_cEBOOKS
999 _c478994
_d478994